000
00327nam a2200157Ia 4500
100
_a
Vazirani/Vijay V
650
_a
Algorithms
942
_c
RB
366
_f
25
654
_a
approximation
245
_a
Approximation algorithms
260
_b
Springer
_c
2003
082
_a
5.133
_b
VAZ
300
_a
380
546
_a
ENGLISH
999
_c
28533
_d
28533